Emerging trends in database and knowledge-base machines : the application of parallel architectures to smart information systems

Αποθηκεύτηκε σε:
Λεπτομέρειες βιβλιογραφικής εγγραφής
Άλλοι συγγραφείς: Abdelguerfi, Mahdi (Επιμελητής έκδοσης), Lavington, S. H. (Simon Hugh) 1939- (Επιμελητής έκδοσης)
Μορφή: Βιβλίο
Γλώσσα:English
Δημοσίευση: Los Alamitos, CA : IEEE Computer Society Press, c1995
Θέματα:
Ετικέτες: Προσθήκη ετικέτας
Δεν υπάρχουν, Καταχωρήστε ετικέτα πρώτοι!

MARC

LEADER 00000nam a2200000 i 4500
001 1/83754
008 990609s1995 eng d
020 |a 0-8186-6552-1 
035 |l 10051431 
040 |a GR-MY-UA  |b gre  |e aacr 
041 0 |a eng 
082 0 |a 005.740285435 
245 1 0 |a Emerging trends in database and knowledge-base machines :  |b the application of parallel architectures to smart information systems /  |c edited by Mahdi Abdelguerfi, Simon Lavington 
260 |a Los Alamitos, CA :   |b IEEE Computer Society Press,   |c c1995 
300 |a vi, 302 p.;  |b ill.;  |c 26 cm. 
500 |a Includes bibliographical references 
650 0 0 |a Parallel computers. 
650 0 0 |a Database management. 
650 0 0 |a Expert systems (Computer science) 
700 1 |a Abdelguerfi, Mahdi.  |4 edt 
700 1 |a Lavington, S. H.  |q (Simon Hugh)  |d 1939-  |4 edt 
852 |a INST  |b SAMOS  |e 19990609  |h 005.740285435 EME  |p 005300012598  |q 005300012598  |t BK  |y 0 
901 |a BIBL3-1999-2 
909 |a Σ  |b 065497 
922 |a 3ΕΛΗ  |b 199812  |c ΤΠΕΣ  |d ΠΑΠΑΣΩΤΗΡΙΟΥ